[Event "World op 33rd"]
[Site "Philadelphia"]
[Date "2005.06.28"]
[Round "1"]
[White "Heiser, Eric A"]
[Black "Sharafuddin, Khalle"]
[Result "0-1"]
[WhiteElo "2045"]
[BlackElo "2299"]
[PlyCount "62"]
[EventDate "2005.06.??"]
[EventType "swiss"]
[EventRounds "9"]
[EventCountry "USA"]
[SourceTitle "EXT 2006"]
[Source "ChessBase"]
[SourceDate "2005.11.24"]
[SourceVersion "1"]
[SourceVersionDate "2005.11.24"]
[SourceQuality "1"]

1. c4 Nf6 2. Nc3 g6 3. e4 d6 4. g3 Bg7 5. Bg2 0-0 6. Nge2 e5 7. 0-0 Be6 8. b3 Nc6 9. f4 Bg4 10. f5 gxf5 11. exf5 Qd7 12. Qc2 e4 13. Bb2 Nb4 14. Qb1 Nd3 15. Bxe4 Nxb2 16. Bg2 Bxe2 17. Nxe2 Qe7 18. Nc3 Ng4 19. Qxb2 Bd4+ 20. Kh1 Qg5 21. Rae1 Rae8 22. Re4 Rxe4 23. Bxe4 Qh5 24. h4 Nf2+ 25. Rxf2 Bxf2 26. Nd5 Qd1+ 27. Kg2 Qg1+ 28. Kf3 Bd4 29. Qc2 Kh8 30. Ne7 Qf2+ 31. Kg4 Bf6 0-1

[Event "Western States op"]
[Site "Reno"]
[Date "2004.10.16"]
[Round "3"]
[White "Ishkanov, Tigran"]
[Black "Heiser, Eric A"]
[Result "1-0"]
[WhiteElo "2344"]
[BlackElo "1975"]
[PlyCount "79"]
[EventDate "2004.10.15"]
[EventType "swiss"]
[EventRounds "6"]
[EventCountry "USA"]
[SourceTitle "EXT 2009"]
[Source "ChessBase"]
[SourceDate "2008.11.26"]
[SourceVersion "1"]
[SourceVersionDate "2008.11.26"]
[SourceQuality "1"]

1. c4 g6 2. Nc3 Bg7 3. g3 c5 4. e4 Nc6 5. Bg2 e5 6. d3 Nge7 7. Nge2 0-0 8. 0-0 a6 9. f4 d6 10. fxe5 Nxe5 11. Bg5 f6 12. Bf4 N7c6 13. Nd5 f5 14. Qd2 Rb8 15. Rad1 fxe4 16. Bg5 Qe8 17. Bxe4 Bh3 18. Rxf8+ Qxf8 19. Ndf4 Bf5 20. Rf1 Re8 21. Bd5+ Kh8 22. Ne6 Qf7 23. N6d4 Qd7 24. Nxf5 gxf5 25. a3 Ng6 26. Kh1 Re5 27. Bf3 b5 28. Be3 Qe7 29. Bg1 Qe8 30. d4 cxd4 31. Nxd4 Nxd4 32. Bxd4 bxc4 33. Bxe5 dxe5 34. Bd5 Qb5 35. Rc1 e4 36. Rxc4 Bxb2 37. Rc8+ Kg7 38. Rc7+ Kh8 39. Bc4 Qb8 40. Rc8+ 1-0